000 01177cam a2200361 i 4500
999 _c200447454
_d65666
001 200447454
003 TR-AnTOB
005 20220419091458.0
007 ta
008 100713s2002 tu b 001 0 tur d
020 _a9757539465
035 _a(TR-AnTOB)200447454
040 _aBGZ
_beng
_erda
_cBGZ
_dTR-AnTOB
041 0 _atur
050 4 _aKKX1078
_b.M67 2002
090 _aKKX1078
_b.M67 2002
100 1 _aMoroğlu, Erdoğan
_eauthor
_934378
245 1 0 _aÖzellikle anonim ve limited ortaklıklarda oy sözleşmeleri /
_cErdoğan Moroğlu.
250 _a3. tıpkı baskı
264 1 _aAnkara :
_bSermaye Piyasası Kurulu,
_c2002.
300 _axvi 168 pages ;
_c24 cm
336 _atext
_btxt
_2rdacontent
337 _aunmediated
_bn
_2rdamedia
338 _avolume
_bnc
_2rdacarrier
490 0 _aSermaye Piyasası Kurulu ;
_vyayın no. 50
504 _aBIB
650 7 _aOy hakkına sahip tröstler
_zTürkiye
_2etuturkob
_9105162
650 7 _aHissedarların oyları
_xHukuk ve mevzuat
_zTürkiye
_2etuturkob
_9105163
710 2 _aSermaye Piyasası Kurulu (Turkey)
_982031
942 _2lcc
_cBK